000 00411nam a2200157Ia 4500
008 240126s9999 xx 000 0 und d
022 _a0976-0652
041 _aEnglish
082 _aLIBRARY-MBA
245 0 _aSDMIMD Journal of Management (March,2016-)
260 _bSDMIMD Mysore
_aMysore
440 _aNULL
650 _amanagement
650 _aSDMIMD,Management,(March,2016-),management
942 _cJN
999 _c287746
_d287746